KOHA-Header-6

Commercial Laws (Record no. 7163)

000 -LEADER
fixed length control field 00250nam a2200109Ia 4500
100 ## - MAIN ENTRY--AUTHOR NAME
Personal name Sengupta S.
245 #0 - TITLE STATEMENT
Title Commercial Laws
260 ## - PUBLICATION, DISTRIBUTION, ETC. (IMPRINT)
Place of publication Culcutta
Name of publisher New central
Year of publication 1994
300 ## - PHYSICAL DESCRIPTION
Number of Pages 171
942 ## - ADDED ENTRY ELEMENTS (KOHA)
Koha item type Books
Holdings
Withdrawn status Lost status Collection code Permanent Location Current Location Shelving location Date acquired Full call number Accession Number Koha item type
    Law MAJU MAJU Shelf No.A46 2019-09-12 891.94 861 Law

Powered by Koha